Islam and Western society / (Record no. 813)
[ view plain ]
| 000 -LEADER | |
|---|---|
| fixed length control field | nam a22 a 4500 |
| 003 - CONTROL NUMBER IDENTIFIER | |
| control field | AKMAL |
| 005 - DATE AND TIME OF LATEST TRANSACTION | |
| control field | 20170505131702.0 |
| 008 - FIXED-LENGTH DATA ELEMENTS--GENERAL INFORMATION | |
| fixed length control field | 170505 1976 M 000 eng d |
| 040 ## - CATALOGING SOURCE | |
| Original cataloging agency | AKMAL |
| 082 ## - DEWEY DECIMAL CLASSIFICATION NUMBER | |
| Classification number | 297.1 MAR |
| 090 ## - LOCALLY ASSIGNED LC-TYPE CALL NUMBER (OCLC); LOCAL CALL NUMBER (RLIN) | |
| Classification number (OCLC) (R) ; Classification number, CALL (RLIN) (NR) | 297.1 |
| Local cutter number (OCLC) ; Book number/undivided call number, CALL (RLIN) | MAR |
| 100 1# - MAIN ENTRY--PERSONAL NAME | |
| Personal name | Jameelah, Maryam, |
| Dates associated with a name | 1934- |
| 9 (RLIN) | 1768 |
| 245 10 - TITLE STATEMENT | |
| Title | Islam and Western society / |
| Statement of responsibility, etc. | by Maryam Jameelah. |
| 260 ## - PUBLICATION, DISTRIBUTION, ETC. | |
| Place of publication, distribution, etc. | Lahore : |
| Name of publisher, distributor, etc. | Mohammad Yusuf Khan, |
| Date of publication, distribution, etc. | 1976. |
| 300 00 - PHYSICAL DESCRIPTION | |
| Extent | 311p. |
| Dimensions | cm |
| 942 ## - ADDED ENTRY ELEMENTS (KOHA) | |
| Source of classification or shelving scheme | |
| Koha item type | Book |
| Withdrawn status | Lost status | Source of classification or shelving scheme | Damaged status | Not for loan | Collection code | Home library | Current library | Shelving location | Date acquired | Inventory number | Total Checkouts | Full call number | Barcode | Date last seen | Price effective from | Koha item type |
|---|---|---|---|---|---|---|---|---|---|---|---|---|---|---|---|---|
| NON-FICTION | AKMAL Melaka | AKMAL Melaka | PINJAMAN | 05.05.2017 | 20007 | 297.1 MAR | 201701793 | 05.05.2017 | 05.05.2017 | Book |
